01616cam a22003857a 4500003000500000005001700005008004100022010001000063011001000073035001000083040000900093090001000102100003600112245012700148260004100275300002100316502007600337590003700413590004100450590004100491590004100532590004200573650004400615650003400659650004200693650002800735901000700763905002400770942000900794949006800803949006000871999001700931952014500948952013701093CHAP20220329142607.0020228d2002 mx d r 00110 spa d a85416 a86388 a96926 cCHAP aTesis00aAlmeraya Almeraya, Oscar.9453910aRendimiento y composición de la canal a diferentes pesos al sacrificio en toretes Holsteinc/por Oscar Almeraya Almeraya aChapingo, Méx. :bEl autor,c2002. a74 h. :bcuadros aTesis (M. C. en Producción Animal) -- UACH. Departamento de Zootecnia aALEPHb10c20130110lUCH01h1446 aBATCH-UPDb10c20130110lUCH01h0647 aBATCH-UPDb10c20130410lUCH01h0331 aBATCH-UPDb10c20130914lUCH01h0241 aCONVERSIONb10c20130109lUCH01h134714aGanado de carnexAlimentación.94506814aGanado de carnexPeso.94510214aGanado de carnexProducción.94510414aGanado Holstein.945133 aBK aMarco A. Mendoza T. cFOLL aTesisbBCcTESd33724000861027eTS2gDonaciØnh39353i96926si aTesisbBCcTESd969261eTS1gDonaciØnh39352i96926sb c85416d85416 00102local4051708TESISaBCbBCcPA_TESISd2019-12-31eDonacionfTESISl0oTesisp33724000861027r2019-12-31 00:00:00w2019-12-31yTESIS 00102local4051708TESISaBCbBCcPA_TESISd2019-12-31eDonacionfTESISl0oTesisp969261r2019-12-31 00:00:00w2019-12-31yTESIS